[Event "89th ch-FRA 2014"]
[Site "Nimes FRA"]
[Date "2014.08.17"]
[Round "1.2"]
[White "Fressinet, Laurent"]
[Black "Maze, Sebastien"]
[Result "1-0"]
[WhiteTitle "GM"]
[BlackTitle "GM"]
[WhiteElo "2708"]
[BlackElo "2565"]
[WhiteFideId "608742"]
[BlackFideId "613762"]
[EventDate "2014.08.17"]

1. Nf3 Nf6 2. g3 g6 3. b3 Bg7 4. Bb2 O-O 5. Bg2 d5 6. c4 c6 7. d3 Bg4 8. Nbd2
Nbd7 9. O-O a5 10. a3 Re8 11. Ne5 Nxe5 12. Bxe5 Qd7 13. Nf3 a4 14. Rb1 Bh3 15.
cxd5 Bxg2 16. Kxg2 Nxd5 17. Bxg7 Kxg7 18. Qc1 axb3 19. Rxb3 Ra7 20. Qb2+ f6 21.
Rc1 Rea8 22. h3 b5 23. e4 Nc7 24. d4 Ra4 25. Rd3 R8a6 26. Rcc3 Qd6 27. Qc1 Ne8
28. e5 Qd7 29. exf6+ Nxf6 30. Rc5 Qd6 31. Rdc3 b4 32. axb4 Ra1 33. Rxc6 Qxb4 34.
Rxa6 Rxa6 35. Re3 Qd6 36. Qc5 Qxc5 37. dxc5 Kf8 38. Ne5 Ke8 39. Rb3 Nd7 40. c6
Nxe5 41. Rb8+ Kf7 42. c7 Rc6 43. c8=Q 1-0

[Event "89th ch-FRA 2014"]
[Site "Nimes FRA"]
[Date "2014.08.17"]
[Round "1.4"]
[White "Degraeve, Jean-Marc"]
[Black "Dorfman, Iossif"]
[Result "1/2-1/2"]
[WhiteTitle "GM"]
[BlackTitle "GM"]
[WhiteElo "2566"]
[BlackElo "2571"]
[WhiteFideId "600270"]
[BlackFideId "604011"]
[EventDate "2014.08.17"]

1. e4 c5 2. f4 g6 3. Nf3 Bg7 4. Nc3 d6 5. Bc4 Nc6 6. O-O e6 7. d3 Nge7 8. Qe1 h6
9. Bb3 a6 10. Kh1 Na5 11. Bd2 b6 12. Nd1 Nxb3 13. axb3 O-O 14. Bc3 f6 15. b4 Qc7
16. bxc5 dxc5 17. Ne3 b5 18. b3 Bb7 19. Qg3 Rae8 20. Rae1 Bc8 21. Ba1 g5 22.
fxg5 Qxg3 23. hxg3 hxg5 24. g4 e5 25. Nd2 Nc6 26. Nb1 Be6 27. Rf2 Rd8 28. Rd2
Rf7 29. Bb2 Rfd7 30. Red1 Bf8 31. Rf1 Be7 32. Rdf2 Kg7 33. g3 Nb4 34. Kg2 Rc8
35. Nd2 Bd8 36. Kf3 Kg6 37. Rh2 Rh7 38. Rxh7 Kxh7 39. Ke2 Nc6 40. Ra1 a5 41. c4
Rb8 1/2-1/2

[Event "89th ch-FRA 2014"]
[Site "Nimes FRA"]
[Date "2014.08.17"]
[Round "1.5"]
[White "Chabanon, Jean-Luc"]
[Black "Sokolov, Andrei1"]
[Result "1/2-1/2"]
[WhiteTitle "GM"]
[BlackTitle "GM"]
[WhiteElo "2485"]
[BlackElo "2556"]
[WhiteFideId "600075"]
[BlackFideId "627089"]
[EventDate "2014.08.17"]

1. d4 Nf6 2. c4 e6 3. Nc3 Bb4 4. f3 c5 5. d5 O-O 6. e4 d6 7. Ne2 exd5 8. cxd5
Nbd7 9. g4 Nxe4 10. fxe4 Qh4+ 11. Ng3 Nf6 12. Bg2 Nxg4 13. Bf4 Nf2 14. Kxf2
Qxf4+ 15. Bf3 Bh3 16. Qc1 Qh4 17. Ne2 c4 18. Qf4 Bc5+ 19. Ke1 Qd8 20. Kd2 Qa5+
21. Nc3 Qb6 22. Kc2 Bd4 23. Nge2 Be5 24. Qh4 Bd7 25. Bg4 Bb5 26. Raf1 Rae8 27.
Rf3 Qc5 28. Rhf1 Ba6 29. Rxf7 Rxf7 30. Be6 Bf6 31. Bxf7+ Kxf7 32. Rxf6+ gxf6 33.
Qxh7+ Kf8 34. Nf4 Qf2+ 35. Nce2 Re5 36. Ng6+ Ke8 37. Qg8+ Kd7 38. Nxe5+ fxe5 39.
Qe6+ Kc7 40. Qe7+ Kc8 41. Qe8+ Kc7 42. Qe7+ Kc8 43. Qe8+ 1/2-1/2

[Event "89th ch-FRA 2014"]
[Site "Nimes FRA"]
[Date "2014.08.18"]
[Round "2.2"]
[White "Sokolov, Andrei1"]
[Black "Fressinet, Laurent"]
[Result "1/2-1/2"]
[WhiteTitle "GM"]
[BlackTitle "GM"]
[WhiteElo "2556"]
[BlackElo "2708"]
[WhiteFideId "627089"]
[BlackFideId "608742"]
[EventDate "2014.08.17"]

1. e4 c6 2. d4 d5 3. exd5 cxd5 4. c4 Nf6 5. Nc3 Nc6 6. cxd5 Nxd5 7. Nf3 g6 8.
Bc4 Nxc3 9. bxc3 Bg7 10. O-O O-O 11. Re1 Bg4 12. Rb1 Rc8 13. Be2 Na5 14. Bd2 b6
15. h3 Bf5 16. Rc1 Qd5 17. Ba6 Rc6 18. c4 Qd8 19. Bb4 Rc7 20. Bb5 Nb7 21. Ne5
Bxe5 22. Rxe5 Nd6 23. a4 Bc8 24. c5 Nf5 25. d5 a5 26. Ba3 bxc5 27. Qd2 Nd4 28.
Rce1 f6 29. R5e3 Qxd5 30. Qxa5 Nxb5 31. axb5 Rd7 32. Rxe7 Bb7 33. f3 Qd4+ 34.
Kh1 Rf7 35. Re8+ Kg7 36. b6 Bxf3 37. Qxc5 Qh4 38. Kg1 Bb7 39. R8e7 Qg3 40. Rxf7+
Rxf7 41. Re2 1/2-1/2

[Event "89th ch-FRA 2014"]
[Site "Nimes FRA"]
[Date "2014.08.18"]
[Round "2.3"]
[White "Bauer, Christian"]
[Black "Degraeve, Jean-Marc"]
[Result "1/2-1/2"]
[WhiteTitle "GM"]
[BlackTitle "GM"]
[WhiteElo "2658"]
[BlackElo "2566"]
[WhiteFideId "603767"]
[BlackFideId "600270"]
[EventDate "2014.08.17"]

1. c4 g6 2. Nc3 Bg7 3. g3 d6 4. d4 c5 5. d5 Bxc3+ 6. bxc3 f5 7. Nh3 Nf6 8. Qa4+
Nbd7 9. Ng5 O-O 10. Bg2 Re8 11. O-O Nf8 12. e4 fxe4 13. Nxe4 Nxe4 14. Bxe4 Bh3
15. Re1 Qd7 16. Qc2 Bf5 17. Bh6 e6 18. dxe6 Rxe6 19. Bxf5 gxf5 20. Bxf8 Rxf8 21.
Qd2 Rfe8 22. Qg5+ Kh8 23. Rxe6 Rxe6 24. Rd1 h6 25. Qf4 Kg7 26. Rd5 Rf6 27. Rd3
Qc6 28. Re3 Qd7 29. h3 Kg6 30. Rf3 Qe6 31. Re3 Qd7 32. Kh2 Re6 33. Rd3 Qe7 34.
h4 Qf6 35. Rd5 Re5 36. Qd2 Rxd5 37. Qxd5 b6 38. Qg8+ Qg7 39. Qe6+ Qf6 40. Qg8+
Qg7 41. Qe6+ Qf6 42. Qd7 h5 43. Qe8+ Qf7 44. Qd8 Qf6 45. Qe8+ 1/2-1/2

[Event "89th ch-FRA 2014"]
[Site "Nimes FRA"]
[Date "2014.08.18"]
[Round "2.4"]
[White "Dorfman, Iossif"]
[Black "Chabanon, Jean-Luc"]
[Result "1/2-1/2"]
[WhiteTitle "GM"]
[BlackTitle "GM"]
[WhiteElo "2571"]
[BlackElo "2485"]
[WhiteFideId "604011"]
[BlackFideId "600075"]
[EventDate "2014.08.17"]

1. d4 d5 2. c4 c6 3. cxd5 cxd5 4. Bf4 Nc6 5. Nc3 Nf6 6. e3 a6 7. Bd3 Bg4 8. Nge2
e6 9. Rc1 Be7 10. O-O O-O 11. Na4 Nd7 12. a3 Bh5 13. b4 Bg6 14. Bg3 Bxd3 15.
Qxd3 Nb6 16. Nc5 Qc8 17. e4 dxe4 18. Qxe4 Rd8 19. Rfd1 Nd5 20. h4 b6 21. Nb3 Qd7
22. Kh2 Rac8 23. Qd3 Qb7 24. Qe4 Na7 25. Nc3 Nb5 26. Nxb5 axb5 27. Qd3 Qd7 28.
Nd2 h5 29. Nf3 Bf6 30. Be5 Be7 31. Kg1 Qa7 32. Ng5 Bxg5 33. hxg5 Qd7 34. Qh3
Rxc1 35. Rxc1 g6 36. g4 Rc8 37. Rxc8+ Qxc8 38. gxh5 Qc1+ 39. Kh2 Qd2 40. hxg6
Qxf2+ 41. Kh1 1/2-1/2

[Event "89th ch-FRA 2014"]
[Site "Nimes FRA"]
[Date "2014.08.18"]
[Round "2.5"]
[White "Bacrot, Etienne"]
[Black "Maze, Sebastien"]
[Result "1-0"]
[WhiteTitle "GM"]
[BlackTitle "GM"]
[WhiteElo "2720"]
[BlackElo "2565"]
[WhiteFideId "605506"]
[BlackFideId "613762"]
[EventDate "2014.08.17"]

1. Nf3 Nf6 2. c4 g6 3. Nc3 Bg7 4. e4 d6 5. d4 O-O 6. Be2 Na6 7. O-O e5 8. Be3
Ng4 9. Bg5 Qe8 10. Re1 exd4 11. Nd5 f6 12. Bf4 d3 13. Bxd3 Ne5 14. Bxe5 dxe5 15.
c5 Rf7 16. Bxa6 bxa6 17. c6 Rb8 18. Qc2 Bf8 19. Red1 Be6 20. Rac1 Rb5 21. Qe2
Qb8 22. b3 Bd6 23. Nc3 Rb6 24. Na4 Rb5 25. Nd2 Qc8 26. h3 Kg7 27. Nc4 Bf8 28.
Ncb2 h5 29. Nd3 Kh7 30. Ndc5 f5 31. Nxe6 Qxe6 32. exf5 Qxf5 33. Nc3 Rb4 34. Rd5
Rf4 35. Rxe5 Qc8 36. Ne4 Bh6 37. Rd1 Qh8 38. Re6 R4f5 39. g3 Qg7 40. h4 a5 41.
Kg2 1-0

[Event "89th ch-FRA 2014"]
[Site "Nimes FRA"]
[Date "2014.08.18"]
[Round "2.6"]
[White "Roser, Kevin"]
[Black "Edouard, Romain"]
[Result "0-1"]
[WhiteTitle "IM"]
[BlackTitle "GM"]
[WhiteElo "2400"]
[BlackElo "2680"]
[WhiteFideId "608688"]
[BlackFideId "633429"]
[EventDate "2014.08.17"]

1. e4 c5 2. Nf3 d6 3. Bb5+ Nc6 4. O-O Bg4 5. h3 Bh5 6. c3 a6 7. Bxc6+ bxc6 8. d4
cxd4 9. cxd4 Nf6 10. Nc3 Nd7 11. Be3 e6 12. Rc1 Be7 13. Qa4 Bxf3 14. gxf3 O-O
15. Qxc6 f5 16. Ne2 Kh8 17. Rc3 Qe8 18. Kh2 Rd8 19. Qxa6 e5 20. exf5 Rxf5 21.
Qc6 Qf7 22. Bc1 d5 23. Ng3 Rf6 24. Qa4 h6 25. Qd1 Bd6 26. Rc6 Rf8 27. Be3 exd4
28. Rxd6 Rxd6 29. Bxd4 Re6 30. Kg2 Ne5 31. Bxe5 Rxe5 32. Qd3 h5 33. Rd1 h4 34.
Ne2 Rg5+ 35. Kf1 d4 36. Qe4 Kg8 37. Nxd4 Re8 38. Qc6 Rd8 39. Rd2 Rgd5 40. Qc3
Qf6 41. Nb3 Qxc3 42. Rxd5 Qc4+ 0-1

[Event "89th ch-FRA 2014"]
[Site "Nimes FRA"]
[Date "2014.08.19"]
[Round "3.1"]
[White "Fressinet, Laurent"]
[Black "Dorfman, Iossif"]
[Result "1-0"]
[WhiteTitle "GM"]
[BlackTitle "GM"]
[WhiteElo "2708"]
[BlackElo "2571"]
[WhiteFideId "608742"]
[BlackFideId "604011"]
[EventDate "2014.08.17"]

1. d4 Nf6 2. c4 g6 3. g3 c6 4. Bg2 d5 5. Qa4 Nfd7 6. Qc2 Nb6 7. c5 N6d7 8. Nf3
e5 9. Nxe5 Nxe5 10. dxe5 Na6 11. O-O Bf5 12. e4 dxe4 13. Be3 Qd3 14. Qc1 O-O-O
15. Na3 Be7 16. Nc4 Nxc5 17. Nd6+ Bxd6 18. exd6 Ne6 19. Rd1 Qb5 20. h3 h5 21.
Qc3 c5 22. b4 Qxb4 23. d7+ Kb8 24. Qe5+ Ka8 25. Rab1 Qa4 26. Rd6 Qxa2 27. Ra1
Qc4 28. Bf1 Qb4 29. Rxe6 1-0

[Event "89th ch-FRA 2014"]
[Site "Nimes FRA"]
[Date "2014.08.19"]
[Round "3.2"]
[White "Chabanon, Jean-Luc"]
[Black "Bauer, Christian"]
[Result "1/2-1/2"]
[WhiteTitle "GM"]
[BlackTitle "GM"]
[WhiteElo "2485"]
[BlackElo "2658"]
[WhiteFideId "600075"]
[BlackFideId "603767"]
[EventDate "2014.08.17"]

1. d4 Nf6 2. c4 Nc6 3. Nf3 e6 4. g3 d5 5. Nbd2 Be7 6. Bg2 O-O 7. O-O a5 8. b3 a4
9. Bb2 a3 10. Bc3 Nb4 11. c5 Nc6 12. b4 Bd7 13. Qb3 b6 14. b5 Nxd4 15. Bxd4 bxc5
16. Bxf6 Bxf6 17. Rac1 c4 18. Nxc4 dxc4 19. Rxc4 Rb8 20. Nd4 Bxd4 21. Rxd4 Qe7
22. Rb4 c5 23. Rh4 Bxb5 24. Qxa3 Bxe2 25. Re1 Bb5 26. Rc1 Rfd8 27. h3 Rbc8 28.
Qa5 Bd3 29. Qc3 c4 30. a4 Qa7 31. a5 Rb8 32. Be4 g6 33. Bxd3 cxd3 34. Rd1 Qa8
35. Rf4 Qd5 36. a6 e5 37. Ra4 Rbc8 38. Qa5 Qf3 39. Raa1 e4 40. Qb6 Re8 41. Qb7
h5 42. a7 h4 43. Rxd3 Qxd3 44. a8=Q Rxa8 45. Rxa8 Qd1+ 46. Kg2 Qf3+ 47. Kg1 Qd1+
48. Kg2 Qf3+ 49. Kg1 Rxa8 50. Qxa8+ Kg7 51. gxh4 Qf4 52. Qd5 Qxh4 53. Qe5+ Kh7
54. Kg2 f6 55. Qe7+ Kh6 56. Qf8+ Kh5 57. Qh8+ Kg5 58. Qc8 Qf4 59. Qh8 Qf3+ 60.
Kg1 Qh5 61. Qc8 Qd1+ 62. Kg2 Qf3+ 63. Kg1 e3 64. fxe3 Kh4 65. Qh8+ Kg3 66. Qb8+
Kxh3 67. Qh2+ Kg4 68. Qd2 f5 69. Qd4+ Qe4 70. Qd2 g5 71. Qe2+ Qf3 72. Qd2 Kh4
73. Qh2+ Qh3 74. Qd2 Qg3+ 75. Kf1 Qf3+ 76. Kg1 Qg3+ 77. Kf1 Kh3 78. Qd5 Kg4 79.
Qd4+ Kf3 80. Qd5+ Kxe3 81. Qd3+ Kf4 82. Qc4+ Kf3 83. Qe2+ Kf4 84. Qc4+ Ke5 1/2-1/2

[Event "89th ch-FRA 2014"]
[Site "Nimes FRA"]
[Date "2014.08.19"]
[Round "3.3"]
[White "Edouard, Romain"]
[Black "Gharamian, Tigran"]
[Result "1-0"]
[WhiteTitle "GM"]
[BlackTitle "GM"]
[WhiteElo "2680"]
[BlackElo "2657"]
[WhiteFideId "633429"]
[BlackFideId "13301527"]
[EventDate "2014.08.17"]

1. e4 c5 2. Nf3 e6 3. d4 cxd4 4. Nxd4 Nc6 5. Nc3 Nf6 6. a3 Be7 7. Be2 d6 8. Be3
O-O 9. O-O Bd7 10. f4 Nxd4 11. Qxd4 Bc6 12. Rad1 a6 13. g4 d5 14. e5 Nd7 15. Qd2
Kh8 16. Bd4 f6 17. exf6 Bxf6 18. Bxf6 Qxf6 19. Qe3 Qg6 20. Qh3 e5 21. Bd3 e4 22.
Be2 Qf7 23. g5 Rad8 24. Bg4 Nc5 25. Rd4 Qc7 26. Qe3 Qe7 27. f5 Qe5 28. Rf2 g6
29. f6 h5 30. Bh3 Rd6 31. Ne2 Be8 32. b4 Ne6 33. Bxe6 Qxe6 34. Qg3 Rd7 35. Nf4
Qb6 36. Rxd5 Rxd5 37. Nxd5 Qd4 38. Qd6 Rf7 39. Qe6 Bb5 40. Ne7 Qd1+ 41. Kg2 Bd7
42. Nxg6+ Kg8 43. Ne7+ Kf8 44. Qxe4 1-0

[Event "89th ch-FRA 2014"]
[Site "Nimes FRA"]
[Date "2014.08.19"]
[Round "3.4"]
[White "Cornette, Matthieu"]
[Black "Bacrot, Etienne"]
[Result "1/2-1/2"]
[WhiteTitle "GM"]
[BlackTitle "GM"]
[WhiteElo "2533"]
[BlackElo "2720"]
[WhiteFideId "620084"]
[BlackFideId "605506"]
[EventDate "2014.08.17"]

1. e4 c6 2. d4 d5 3. Nc3 dxe4 4. Nxe4 Bf5 5. Ng3 Bg6 6. N1e2 Nf6 7. Nf4 e5 8.
dxe5 Qa5+ 9. Bd2 Qxe5+ 10. Qe2 Nbd7 11. Nxg6 hxg6 12. Qxe5+ Nxe5 13. f4 Ned7 14.
O-O-O Bc5 15. Re1+ Kf8 16. Bd3 Bf2 17. Ref1 Bc5 18. Re1 Bf2 19. Ref1 Bc5 20. Re1
Bf2 1/2-1/2

[Event "89th ch-FRA 2014"]
[Site "Nimes FRA"]
[Date "2014.08.19"]
[Round "3.5"]
[White "Degraeve, Jean-Marc"]
[Black "Roser, Kevin"]
[Result "1-0"]
[WhiteTitle "GM"]
[BlackTitle "IM"]
[WhiteElo "2566"]
[BlackElo "2400"]
[WhiteFideId "600270"]
[BlackFideId "608688"]
[EventDate "2014.08.17"]

1. e4 c5 2. Nf3 e6 3. g3 Nc6 4. Bg2 Nf6 5. d3 d6 6. O-O Be7 7. Re1 e5 8. c3 O-O
9. h3 Re8 10. d4 exd4 11. cxd4 d5 12. exd5 Nxd5 13. dxc5 Ndb4 14. Qxd8 Rxd8 15.
Na3 Nd3 16. Re2 Bxc5 17. Be3 Bxe3 18. fxe3 Be6 19. Nb5 Rac8 20. b3 a6 21. Nbd4
Nxd4 22. Nxd4 Bd5 23. e4 Be6 24. Nxe6 fxe6 25. e5 b5 26. Bb7 Rb8 27. Bf3 Kf7 28.
Rf1 Ke7 29. Be4 g6 30. Bg2 a5 31. h4 b4 32. Rf3 Nc5 33. Rf4 Rbc8 34. h5 g5 35.
Rf6 Rf8 36. Rh6 Rf7 37. Rc2 Rc7 38. Be4 Kd8 39. Bxh7 Nd7 40. Rxc7 Kxc7 41. Be4
Nxe5 42. Rxe6 Ng4 43. h6 Nf6 44. Bg6 Rf8 45. h7 1-0

[Event "89th ch-FRA 2014"]
[Site "Nimes FRA"]
[Date "2014.08.19"]
[Round "3.6"]
[White "Maze, Sebastien"]
[Black "Sokolov, Andrei1"]
[Result "1-0"]
[WhiteTitle "GM"]
[BlackTitle "GM"]
[WhiteElo "2565"]
[BlackElo "2556"]
[WhiteFideId "613762"]
[BlackFideId "627089"]
[EventDate "2014.08.17"]

1. e4 c5 2. Nc3 e6 3. g3 Nc6 4. Bg2 Nf6 5. Nge2 d5 6. exd5 exd5 7. d4 cxd4 8.
Nxd4 Bc5 9. Qe2+ Qe7 10. Qxe7+ Kxe7 11. Nb3 Bb4 12. Bd2 Rd8 13. O-O-O Bg4 14. f3
Bf5 15. a3 d4 16. axb4 dxc3 17. Bxc3 Nd5 18. Nd4 Nxc3 19. Nxf5+ Kf6 20. bxc3
Kxf5 21. f4 Kf6 22. Kb2 Rac8 23. Kb3 Rxd1 24. Rxd1 Ke7 25. Bd5 Rc7 26. c4 b6 27.
c3 Nb8 28. g4 h6 29. h4 Nd7 30. Re1+ Kf8 31. g5 hxg5 32. hxg5 g6 33. Ka4 f6 34.
Kb5 fxg5 35. fxg5 Nb8 36. Re6 Kg7 37. Be4 Nd7 38. Rxg6+ Kf8 39. Rc6 1-0

[Event "89th ch-FRA 2014"]
[Site "Nimes FRA"]
[Date "2014.08.20"]
[Round "4.1"]
[White "Cornette, Matthieu"]
[Black "Edouard, Romain"]
[Result "1-0"]
[WhiteTitle "GM"]
[BlackTitle "GM"]
[WhiteElo "2533"]
[BlackElo "2680"]
[WhiteFideId "620084"]
[BlackFideId "633429"]
[EventDate "2014.08.17"]

1. c4 e5 2. Nc3 Nf6 3. Nf3 Nc6 4. e4 Bc5 5. Nxe5 Nxe5 6. d4 Nxe4 7. Nxe4 Bb4+ 8.
Nc3 Ng6 9. Bd3 O-O 10. O-O Bxc3 11. bxc3 d6 12. Qh5 Qd7 13. h3 f5 14. Bd2 Qf7
15. Qf3 f4 16. Rfe1 c6 17. Bxg6 hxg6 18. d5 cxd5 19. Qxd5 f3 20. g4 Qxd5 21.
cxd5 b5 22. Re7 Rf7 23. Re8+ Rf8 24. Rxf8+ Kxf8 25. Rb1 Ba6 26. Bf4 Rd8 27. Rb4
Kg8 28. a4 bxa4 29. Rxa4 Bb5 30. Rxa7 Bc4 31. Bg5 Rc8 32. Be3 Bxd5 33. Bd4 Bf7
34. Kh2 Re8 35. Kg3 Rf8 36. Rd7 d5 37. Rc7 g5 38. Bc5 Re8 39. Kxf3 Re1 40. Bd4
Kf8 41. Kg3 Re6 42. Rd7 Re4 43. Rd8+ Re8 44. Bc5+ Kg8 45. Rxe8+ Bxe8 46. Be7 Bb5
47. Bxg5 Kf7 48. Be3 g6 49. Kf4 Ke6 50. Kg5 Be8 51. f4 Bf7 52. Bd4 Be8 53. h4
Kf7 54. h5 1-0

[Event "89th ch-FRA 2014"]
[Site "Nimes FRA"]
[Date "2014.08.20"]
[Round "4.3"]
[White "Roser, Kevin"]
[Black "Chabanon, Jean-Luc"]
[Result "0-1"]
[WhiteTitle "IM"]
[BlackTitle "GM"]
[WhiteElo "2400"]
[BlackElo "2485"]
[WhiteFideId "608688"]
[BlackFideId "600075"]
[EventDate "2014.08.17"]

1. e4 e6 2. d4 d5 3. Nc3 Nf6 4. e5 Nfd7 5. f4 c5 6. Nf3 Nc6 7. Be3 Qb6 8. Na4
Qa5+ 9. c3 cxd4 10. b4 Qc7 11. Nxd4 a6 12. Qd2 b5 13. Nb2 g5 14. fxg5 Ncxe5 15.
Be2 h6 16. gxh6 Nf6 17. Bf4 Ne4 18. Qe3 Bxh6 19. O-O Bg7 20. Rac1 Qa7 21. a4 Ng6
22. axb5 Nxc3 23. Rxc3 Bxd4 0-1

[Event "89th ch-FRA 2014"]
[Site "Nimes FRA"]
[Date "2014.08.20"]
[Round "4.4"]
[White "Gharamian, Tigran"]
[Black "Degraeve, Jean-Marc"]
[Result "1-0"]
[WhiteTitle "GM"]
[BlackTitle "GM"]
[WhiteElo "2657"]
[BlackElo "2566"]
[WhiteFideId "13301527"]
[BlackFideId "600270"]
[EventDate "2014.08.17"]

1. d4 Nf6 2. c4 g6 3. Nc3 Bg7 4. Nf3 O-O 5. g3 d6 6. Bg2 Nbd7 7. O-O e5 8. e4
exd4 9. Nxd4 Re8 10. h3 a6 11. Be3 Rb8 12. b3 Nc5 13. Qc2 Bd7 14. Rad1 Qc8 15.
Kh2 b5 16. b4 Na4 17. Nxa4 bxa4 18. Rb1 h5 19. c5 dxc5 20. bxc5 Rxb1 21. Rxb1 h4
22. g4 Bxg4 23. hxg4 Nxg4+ 24. Kh1 Nxe3 25. fxe3 Qg4 26. Qf2 h3 27. Bf3 Qg5 28.
c6 Be5 29. Rf1 Bg3 30. Qg1 Qh4 31. Ne2 Bd6 32. Nd4 Bg3 33. e5 Rxe5 34. Ne2 1-0

[Event "89th ch-FRA 2014"]
[Site "Nimes FRA"]
[Date "2014.08.20"]
[Round "4.5"]
[White "Dorfman, Iossif"]
[Black "Maze, Sebastien"]
[Result "1-0"]
[WhiteTitle "GM"]
[BlackTitle "GM"]
[WhiteElo "2571"]
[BlackElo "2565"]
[WhiteFideId "604011"]
[BlackFideId "613762"]
[EventDate "2014.08.17"]

1. Nf3 Nf6 2. c4 g6 3. Nc3 Bg7 4. e4 d6 5. d4 O-O 6. Be2 Na6 7. O-O e5 8. Be3 c6
9. d5 Ng4 10. Bg5 f6 11. Bh4 c5 12. Ne1 h5 13. a3 Bd7 14. Nc2 Nh6 15. f3 Nf7 16.
b4 Bh6 17. Rb1 Kg7 18. Bd3 b6 19. Qe2 Bg5 20. Be1 Rh8 21. Ne3 Qe7 22. Nb5 h4 23.
Bc3 Bf4 24. Nd1 Rh5 25. Nf2 Kh7 26. Bc2 Bh6 27. Kh1 Be8 28. Ba1 Rc8 29. Nc3 Bd7
30. Ba4 Bxa4 31. Nxa4 Qd7 32. Nc3 Kg7 33. Ncd1 Bf4 34. Nd3 Bg3 35. N1f2 Rch8 36.
Nh3 Ng5 37. Nxg5 fxg5 38. h3 Bf4 39. bxc5 Nxc5 40. Nxc5 bxc5 41. Rb5 Rf8 42.
Rfb1 Rf7 43. Bc3 Rh7 44. Bd2 Kh6 45. Bxf4 Rxf4 46. R1b3 Qc8 47. Qe1 Rhf7 48. Kh2
Kg7 49. Qa5 1-0

[Event "89th ch-FRA 2014"]
[Site "Nimes FRA"]
[Date "2014.08.20"]
[Round "4.6"]
[White "Bacrot, Etienne"]
[Black "Sokolov, Andrei1"]
[Result "1-0"]
[WhiteTitle "GM"]
[BlackTitle "GM"]
[WhiteElo "2720"]
[BlackElo "2556"]
[WhiteFideId "605506"]
[BlackFideId "627089"]
[EventDate "2014.08.17"]

1. d4 Nf6 2. c4 e6 3. Nf3 Bb4+ 4. Bd2 c5 5. Bxb4 cxb4 6. Nbd2 O-O 7. e3 b6 8.
Bd3 Bb7 9. Qc2 d6 10. g4 g6 11. h4 Nxg4 12. h5 f5 13. hxg6 hxg6 14. Ke2 Qf6 15.
Rh4 Nc6 16. Rah1 Rae8 17. Qa4 Re7 18. R1h3 e5 19. d5 Nd4+ 20. exd4 e4 21. Kf1
exd3 22. Qxa7 b5 23. c5 Ra8 24. Qb6 dxc5 25. d6 Rd7 26. Qxb5 Rf7 27. Qc4 b3 28.
a3 Rf8 29. d7 Qe7 30. Rh8+ Kg7 31. R3h7+ 1-0

[Event "89th ch-FRA 2014"]
[Site "Nimes FRA"]
[Date "2014.08.21"]
[Round "5.1"]
[White "Fressinet, Laurent"]
[Black "Roser, Kevin"]
[Result "1-0"]
[WhiteTitle "GM"]
[BlackTitle "IM"]
[WhiteElo "2708"]
[BlackElo "2400"]
[WhiteFideId "608742"]
[BlackFideId "608688"]
[EventDate "2014.08.17"]

1. d4 Nf6 2. c4 e6 3. Nf3 b6 4. a3 Bb7 5. Nc3 d5 6. cxd5 Nxd5 7. e3 Be7 8. Bb5+
c6 9. Bd3 O-O 10. O-O Nd7 11. Qc2 h6 12. e4 Nxc3 13. bxc3 c5 14. Qe2 Qc7 15. Rd1
Rfd8 16. a4 Rac8 17. Bb2 c4 18. Bc2 e5 19. Ba3 Bxa3 20. Rxa3 Re8 21. a5 exd4 22.
Nxd4 Qc5 23. Raa1 f5 24. axb6 axb6 25. Ra7 Bxe4 26. Rxd7 Bc6 27. Ne6 Bxd7 28.
Rxd7 Rc6 29. Qh5 Rcxe6 30. Qf7+ 1-0

[Event "89th ch-FRA 2014"]
[Site "Nimes FRA"]
[Date "2014.08.21"]
[Round "5.2"]
[White "Degraeve, Jean-Marc"]
[Black "Cornette, Matthieu"]
[Result "1-0"]
[WhiteTitle "GM"]
[BlackTitle "GM"]
[WhiteElo "2566"]
[BlackElo "2533"]
[WhiteFideId "600270"]
[BlackFideId "620084"]
[EventDate "2014.08.17"]

1. e4 c5 2. Nf3 e6 3. d4 cxd4 4. Nxd4 Nc6 5. Nc3 Qc7 6. g3 a6 7. Bg2 d6 8. O-O
Bd7 9. Nxc6 Bxc6 10. a4 Nf6 11. a5 Be7 12. Be3 O-O 13. Bb6 Qb8 14. Re1 Nd7 15.
Bd4 Bf6 16. Bxf6 Nxf6 17. Qd4 Qc7 18. Red1 Rfd8 19. Rd2 Rac8 20. Qb4 Rb8 21.
Rad1 Ne8 22. b3 b6 23. axb6 Qxb6 24. Qxb6 Rxb6 25. Ra1 Kf8 26. Nd1 Nf6 27. Rd4
e5 28. Rc4 Ra8 29. Nc3 a5 30. Bf1 Bb7 31. f3 g5 32. Bd3 Kg7 33. Rca4 g4 34. fxg4
Nxg4 35. Rxa5 Rc8 36. Rb5 Ra6 37. Re1 Ra7 38. Nd5 Ba6 39. Ra5 Bxd3 40. Rxa7 Rxc2
41. Ne3 Nxe3 42. Rxe3 Be2 43. h3 Kf6 44. Ra8 Bb5 45. Rh8 Kg7 46. Rd8 Rd2 47. b4
Rd4 48. Rb3 f5 49. exf5 d5 50. Rd6 Rd1+ 51. Kf2 Rf1+ 52. Ke3 d4+ 53. Ke4 Re1+
54. Kd5 Be8 55. Ra3 Bf7+ 56. Kc5 Rc1+ 57. Kb6 Rc4 58. Kb5 Rc7 59. g4 Kf8 60. f6
Be8+ 61. Kb6 Rc4 62. Ra8 Rxb4+ 63. Kc5 1-0

[Event "89th ch-FRA 2014"]
[Site "Nimes FRA"]
[Date "2014.08.21"]
[Round "5.3"]
[White "Chabanon, Jean-Luc"]
[Black "Gharamian, Tigran"]
[Result "1/2-1/2"]
[WhiteTitle "GM"]
[BlackTitle "GM"]
[WhiteElo "2485"]
[BlackElo "2657"]
[WhiteFideId "600075"]
[BlackFideId "13301527"]
[EventDate "2014.08.17"]

1. d4 Nf6 2. c4 e6 3. Nf3 d5 4. Nc3 Bb4 5. Bg5 h6 6. Bxf6 Qxf6 7. e3 c5 8. cxd5
exd5 9. Bb5+ Bd7 10. Bxd7+ Nxd7 11. O-O Bxc3 12. bxc3 O-O 13. dxc5 Qc6 14. Nd4
Qxc5 15. Nf5 Nf6 16. Qd4 Qxd4 17. cxd4 Rfd8 18. Rfc1 g6 19. Ng3 Rdc8 20. Rab1 b5
21. f3 a6 22. Ne2 Nd7 23. Nf4 Nb6 24. Rc5 g5 25. Nd3 Na4 26. Rxc8+ Rxc8 27. Rb3
Kg7 28. Nb4 a5 29. Nxd5 Rc1+ 30. Kf2 Rc2+ 31. Kf1 Rc1+ 32. Kf2 Rc2+ 33. Kf1 Rc1+
34. Kf2 1/2-1/2

[Event "89th ch-FRA 2014"]
[Site "Nimes FRA"]
[Date "2014.08.21"]
[Round "5.4"]
[White "Edouard, Romain"]
[Black "Bacrot, Etienne"]
[Result "0-1"]
[WhiteTitle "GM"]
[BlackTitle "GM"]
[WhiteElo "2680"]
[BlackElo "2720"]
[WhiteFideId "633429"]
[BlackFideId "605506"]
[EventDate "2014.08.17"]

1. d4 d5 2. c4 e6 3. Nc3 Nf6 4. Nf3 Nbd7 5. g3 dxc4 6. Bg2 Bb4 7. a3 Bxc3+ 8.
bxc3 O-O 9. O-O Rb8 10. a4 b6 11. Nd2 Ba6 12. Bc6 e5 13. Ba3 exd4 14. Bxf8 Nxf8
15. cxd4 Qxd4 16. Rc1 Qc5 17. Bg2 Ne6 18. Re1 c6 19. e3 b5 20. Qf3 b4 21. Qxc6
c3 22. Nb3 Qxc6 23. Bxc6 Rc8 24. Bg2 Kf8 25. Red1 Be2 26. Re1 Bc4 27. Na5 Rc5
28. Nb7 Rc7 29. Nd6 Bd3 30. Bf1 Bxf1 31. Kxf1 a6 32. Ke2 c2 33. e4 Rc3 34. Nf5
Nxe4 35. f3 N4c5 0-1